Lecture notes on rural valuation (Record no. 105065)

MARC details
000 -LEADER
fixed length control field 01528cam a2200241 4500
001 - CONTROL NUMBER
control field ##L132232
008 - FIXED-LENGTH DATA ELEMENTS--GENERAL INFORMATION
fixed length control field 060119n1967 000 0 eng u
035 ## - SYSTEM CONTROL NUMBER
System control number (Sirsi) u132232
041 0# - LANGUAGE CODE
Language code of text/sound track or separate title eng
050 04 - LIBRARY OF CONGRESS CALL NUMBER
Classification number 333.332 $2 18
100 1# - MAIN ENTRY--PERSONAL NAME
Personal name Cooke, M. B.
245 00 - TITLE STATEMENT
Title Lecture notes on rural valuation
260 ## - PUBLICATION, DISTRIBUTION, ETC.
Place of publication, distribution, etc. [S.l.]
Name of publisher, distributor, etc. University of Canterbury
Date of publication, distribution, etc. 1967
300 ## - PHYSICAL DESCRIPTION
Extent 203p.
Dimensions 21cm.
505 2# - FORMATTED CONTENTS NOTE
Formatted contents note Introduction to value -- A concept of value -- The Land Valuation Court Act -- Farm inspection and the preparation of a report -- The Valuation of Land Act 1951 -- An example of a detailed valuation -- Farm finance -- The valuation of houses on farms -- The modal house -- The valuation of buildings -- Dpreciation -- The valuation of pastures -- The duties, responsibilities and liabilities of a valuer -- The preparation and presentation of evidence -- The Land Act 1948 -- The provisions of the Land Act -- Leasehold interests and goodwill -- Leasehold interests under section 45 of the Valuation of Land Act 1951 -- The Marginal Lands Act 1950 -- Classification of land for drainage -- Compensation -- Suburban subdivision and town planning -- The Rating Act 1925 -- Sub-urban, semi-rural or land on the margin of urban boundaries
650 24 - SUBJECT ADDED ENTRY--TOPICAL TERM
Topical term or geographic name entry element LAND VALUATION COURT AR
650 24 - SUBJECT ADDED ENTRY--TOPICAL TERM
Topical term or geographic name entry element VALUATION OF LAND ACT 1951
650 24 - SUBJECT ADDED ENTRY--TOPICAL TERM
Topical term or geographic name entry element LAND ACT 1948
650 24 - SUBJECT ADDED ENTRY--TOPICAL TERM
Topical term or geographic name entry element MARGINAL LANDS ACT 1951
650 24 - SUBJECT ADDED ENTRY--TOPICAL TERM
Topical term or geographic name entry element RATING ACT 1925
690 ## - LOCAL SUBJECT ADDED ENTRY--TOPICAL TERM (OCLC, RLIN)
Topical term or geographic name as entry element PROPERTY-RURAL AND NATURAL ASSETS-RURAL AND NATURAL ASSET VALUATION AND APPRAISAL
942 ## - ADDED ENTRY ELEMENTS (KOHA)
Suppress in OPAC 0
Holdings
Withdrawn status Lost status Source of classification or shelving scheme Damaged status Not for loan Home library Current library Shelving location Date acquired Total Checkouts Full call number Barcode Date last seen Copy number Price effective from Koha item type
    Dewey Decimal Classification     London London Basement 19/01/2006   SHELF 205 30071891 06/08/2019 1 06/08/2019 Book